000
00236nam a2200097Ia 4500
001
1252014
005
20251031150926.0
008
251031s9999 xx 000 0 und d
245
0
_c
SEVİM AK
_a
R-5 AZ BUÇUK TEO
260
_b
CAN YAYINLARI
999
_c
1252014
_d
1252014